[Event "105th British-ch 2018"]
[Site "Hull"]
[Date "2018.08.05"]
[Round "12.1"]
[White "Adams, Michael"]
[Black "McShane, Luke J"]
[Result "1-0"]
[WhiteElo "2706"]
[BlackElo "2669"]
[Annotator "TA"]
[PlyCount "105"]
[EventDate "2018.07.28"]
[EventType "swiss"]
[EventCountry "GBR"]
[SourceTitle "playchess.com"]
[Source "ChessBase"]
[SourceQuality "1"]

{[%evp 14,105,50,41,33,31,65,58,58,45,37,21,17,24,15,18,29,0,0,0,19,9,24,15,46,43,72,74,74,54,53,55,76,76,91,70,78,85,79,52,58,62,121,52,214,39,38,39,54,63,88,83,106,13,89,84,112,106,140,98,158,153,143,92,148,121,164,164,305,293,266,91,79,18,459,455,427,340,331,317,472,374,29981,29982,2966,2951,2599,345,29986,3104,29989,29990,29990,29991]} 1. e4 e5 2. Nf3 Nc6 3. Bb5 a6 4. Ba4 d6 5. c3 {[%cal Bc2c3,Bc3c4][%mdl 32]} Bd7 6. d4 g6 7. Bg5 {C76: Ruy Lopez: Deferred Steinitz: 5 c3 Bd7 6 d4 g6} (7. dxe5 dxe5 8. O-O Bg7 9. Be3 Nf6 10. Nbd2 O-O 11. Re1 Qe7 12. h3 h6 13. b4 b6 14. Bb3 Kh7 15. a4 a5 16. b5 Nd8 17. Nc4 Be6 18. Ncxe5 Nxe4 {1-0 (29) Lu,S (2630)-Yu,Y (2759) Tianjin 2018}) 7... f6 8. Be3 {LiveBook: 66 Games} Qe7 9. O-O $146 {White is slightly better.} ({Predecessor:} 9. d5 Nd8 10. Nfd2 b5 11. Bb3 f5 12. f3 Bh6 13. Qe2 Bxe3 14. Qxe3 Nf6 {1-0 (40) Nikitenko,M (2365)-Tsaruk,M (2106) Rogachev 2018}) 9... Bh6 10. c4 (10. Qc1 {is interesting.} Bg7 11. Re1 O-O-O 12. Nbd2 Kb8 13. Qc2) 10... exd4 11. Bxh6 Nxh6 12. Nxd4 Nxd4 13. Bxd7+ Kxd7 14. Qxd4 Qe5 15. Qd3 {Qh3+ is the strong threat.} Ng4 {[%csl Gg4][%cal Re5h2]} (15... Qxb2 16. Nc3 $18) 16. Qh3 Qe6 (16... Qxb2 $6 17. Nc3 $16) 17. Nc3 {[%cal Bb1c3,Bc3e2,Be2d4,Bd4f5][%mdl 32]} Ne5 18. Qh6 c6 ({Don't blunder} 18... Qxc4 $2 19. Nd5 $18) 19. b3 g5 20. Rad1 Kc7 21. f3 Rag8 22. Ne2 Qf7 23. Nd4 Rg6 24. Qh5 Rd8 25. Nf5 Rd7 26. Rd2 g4 27. fxg4 $1 Nxg4 (27... Rxg4 $14 28. Qh6 Qg6) 28. Qh3 (28. Qh4 $16) 28... Qe6 $2 {[#]} ({Black should play} 28... Qe8 $1 $14) 29. Qf3 $2 ({White must play} 29. Rxd6 $1 $18 {[%mdl 512]} Rxd6 30. Qxh7+ Rd7 31. Qxg6 Qxe4 32. h3) 29... Qe5 $14 {[%csl Gg4][%cal Re5h2]} 30. g3 Qc5+ 31. Kg2 Ne5 32. Qe2 Rg8 33. Rfd1 (33. Nd4 $1 $16 {[%cal Rd4e6] And now Ne6+ would win.} Re7 34. Rxf6) 33... Rgd8 (33... Nf7 $11) 34. Nd4 $16 Re8 {[#]} 35. Qf2 $1 h5 36. h3 Qb4 ({Better is} 36... Rde7) 37. Qxf6 Qc3 38. Qf2 (38. Rc2 $142 Qe3 39. Re2 (39. Qf4 Qxf4 40. gxf4 Rg7+ 41. Kh2 Nd7 $16)) 38... Nf7 (38... Rf7 $142 39. Nf5 Rg8) 39. Rd3 $36 {[%cal Bd2d3,Bd3f3,Bf3f5][%mdl 2080] White has strong initiative.} Qa5 {[#]} 40. Rf3 $1 {[%cal Rf3f7]} Ng5 (40... Ree7 $142 41. Rf5 c5) 41. Rf5 $18 Re5 42. Re1 $2 (42. Rxg5 $18 Rxg5 43. Ne6+ Kb8 44. Qf8+ (44. Nxg5 Qxg5 45. c5 d5 $16) 44... Ka7 45. Nxg5 Qxg5 46. Rxd6) 42... Rde7 $16 {Strongly threatening ...Rxf5.} 43. Re2 (43. Nf3 $16 Rxf5 44. exf5 Rxe1 45. Qxe1 Qxa2+ 46. Nd2) 43... Kd7 $2 {[%mdl 8192]} (43... Qc3 $11) 44. h4 $18 Ne6 {White must now prevent ...Nxd4.} 45. Nf3 Rxf5 46. exf5 Nc5 (46... Nf8 $142 47. Nd4 Re5) 47. f6 {[%cal Bf5f6,Bf6f7][%mdl 32]} Rf7 $2 (47... Rxe2 $18 48. Qxe2 Qd8) 48. Ng5 Rf8 49. f7 Qc3 50. Qf3 $2 (50. Nh7 Rd8 51. Nf6+ Kc8 52. Qf5+ Kb8 53. Re8 Qd2+ 54. Kh3) 50... Nd3 $2 (50... Qxf3+ $18 51. Kxf3 Nd3) 51. Kh2 (51. Qf5+ $142 Kc7 52. Ne6+ Kb6 53. Nxf8 Nc5 54. Ng6 Qg7 55. f8=Q Qxf8 56. Qxf8) 51... Qd4 52. Qf5+ Kc7 53. Ne6+ {Precision: White = 48%, Black = 27%.} 1-0

[Event "105th British-ch 2018"]
[Site "Hull"]
[Date "2018.08.05"]
[Round "13.1"]
[White "McShane, Luke J"]
[Black "Adams, Michael"]
[Result "0-1"]
[WhiteElo "2669"]
[BlackElo "2706"]
[Annotator "TA"]
[PlyCount "88"]
[EventDate "2018.07.28"]
[EventType "swiss"]
[EventCountry "GBR"]
[SourceTitle "playchess.com"]
[Source "ChessBase"]
[SourceQuality "1"]

{[%evp 18,88,33,27,27,32,43,27,36,14,18,29,19,16,38,17,43,48,51,-25,-21,-22,-14,-23,-23,-31,0,0,7,0,0,-25,-40,-56,-51,-131,-118,-88,3,12,5,-8,-4,-95,-83,-87,-84,-160,-120,-113,-91,-179,-194,-187,-183,-190,-181,-187,-187,-208,-165,-264,-289,-263,-253,-468,-472,-439,-301,-301,-297,-1303,-1260]} 1. e4 e5 2. Nf3 Nc6 3. Bc4 Bc5 4. O-O Nf6 5. d3 d6 6. c3 h6 7. Nbd2 {[%cal Bb1d2,Bd2f1,Bf1g3][%mdl 32]} O-O 8. h3 Re8 {C54: Italienische Partie (Hauptvariante)} 9. Re1 a5 (9... a6 10. Nf1 b5 11. Bb3 Bb6 12. Ng3 Be6 13. Bc2 d5 14. exd5 Bxd5 15. Be3 Qd7 16. a3 {½-½ (24) Aronian,L (2785)-Adams,M (2751) Sharjah 2017}) 10. Nf1 {LiveBook: 3 Partien} Ba7 {Weiß hat minimalen Vorteil.} 11. Ng3 Be6 12. Bb5 Bd7 13. Ba4 Ne7 14. Bc2 Ng6 $146 15. d4 b5 16. Be3 c5 17. dxe5 dxe5 18. Qc1 ({Lieber} 18. Nf5 $14) 18... c4 $11 19. Nf5 Bxe3 20. Qxe3 Qc7 21. Rad1 Rad8 22. Rd6 Be6 23. Ra6 Ra8 24. Rxa8 Rxa8 25. Rd1 b4 26. Ba4 (26. Rd2 $15) 26... Rb8 27. g3 Qb6 ({Besser ist} 27... bxc3 $17 28. bxc3 Rb2) 28. Qxb6 Rxb6 29. Rd8+ Kh7 30. Nd2 (30. Ne3 $1 $11 {bleibt in der Remisbreite.}) 30... bxc3 $17 31. bxc3 Rb2 32. a3 {[#]} (32. Ne3 $142) 32... Rxd2 $1 {[%mdl 512]} 33. Rxd2 {Und Sd6 würde nun gewinnen.} Nxe4 34. Rd8 (34. Rb2 $17) 34... Bxf5 $19 35. Bc2 {[#]} Nxg3 $1 {Und weiter mit ...Se2+ wäre nett.} 36. Bxf5 (36. fxg3 Bxc2) 36... Nxf5 37. Ra8 Nf4 38. Rxa5 Ne2+ 39. Kf1 (39. Kh2 $142 Nxc3 40. Rc5) 39... Nxc3 40. Rc5 Nd6 41. Rc6 $2 (41. Kg2 {ist eine bessere Verteidigung.}) 41... Nde4 42. Ke1 Na4 43. Rxc4 Nec5 44. Rb4 $2 (44. h4) 44... Nd3+ {Precision: Weiß = 42%, Schwarz = 68%.} 0-1